=LDR 00000nam 2200000 4500 =001 INLIS000000000001617 =005 20130612090022 =008 ***********************************Ind** =035 ##$$0010-061300000001617 =041 ##$$a Ind =082 ##$$a 658.562 026 02 =090 ##$$a 658.562 026 02, Mul-h =100 ##$$a MULYONO, Eugenia Liliawati =245 ##$$a Himpunan peraturan perundang-undangan tentang standardisasi, sertifikasi, akreditasi =260 ##$$a 1997 $b Jakarta =300 ##$$a xi, 289 hlm, ilus, 23 cm =650 ##$$a Pengawasan Mutu =650 ##$$a UU dan Peraturan =700 ##$$a TUNGGAL, Hadi Setia =850 ##$$a NBPNMAT